|
|
|
|
| LEADER |
01819nam a2200373 a 4500 |
| 001 |
mzk03001027322 |
| 003 |
CZ BrMZK |
| 005 |
20111108093841.0 |
| 007 |
ta |
| 008 |
050830s1763 xr ab fr|||||00| ||latod |
| 040 |
|
|
|a BOA001
|b cze
|
| 041 |
1 |
|
|a lat
|h cze
|
| 072 |
|
7 |
|a 094
|x Staré tisky
|2 Konspekt
|9 12
|
| 080 |
|
|
|a (0.068)094
|2 MRF
|
| 100 |
1 |
|
|a Dobner, Gelasius,
|d 1719-1790
|7 jk01022444
|4 aut
|
| 245 |
1 |
0 |
|a Wenceslai Hagek a Liboczan Annales Bohemorum.
|n Pars II. Quae Bohemiae Historiam ab anno 644 usque ad annum 852 complectitur /
|c Nunc plurimis animadversionibus historico-chronologico-criticis, nec non diplomatibus, re genealogica, numaria, variique generis antiquis aeri incisis monumentis aucti a P. Gelasio a s. Catharina ejusdem instituti sacerdote; E bohemica editione latine redditi, et notis illustrati a P. Victorino a S. Cruce e Scholis Piis
|
| 260 |
|
|
|a Pragae :
|b typis Joannis Josephi Clauser, regii typogr.,
|c 1763
|
| 300 |
|
|
|a [40], 587, [19] s., [6] příl. ;
|c 4°
|
| 500 |
|
|
|a Výzdoba: Ozdobná klišé, viněty, ozdobné linky z typografických ozdůbek, vlysy, mědirytinové přílohy (mapa)
|
| 510 |
4 |
|
|a Knihopis,
|c K01962
|
| 561 |
|
|
|a Provenience: [razítko] Franzens Museum
|
| 563 |
|
|
|a Původní celokožená vazba s otřelou slepotiskovou výzdobou, značně poškozená
|
| 655 |
|
7 |
|a staré tisky
|7 fd422076
|2 czenas
|
| 700 |
1 |
|
|a Hájek z Libočan, Václav,
|d -1553
|7 jk01033098
|4 aut
|
| 700 |
1 |
|
|a Jevina, Viktorin,
|d 1672-1730
|7 jo2004042722
|4 trl
|
| 903 |
|
|
|a RP
|
| 910 |
|
|
|a BOA001
|b ST2-0009.949,2,A
|
| 978 |
|
|
|b Klauser, Jan Josef
|a Praha
|c 1763
|
| 984 |
|
|
|a Praha
|b Česko
|
| 985 |
|
|
|a 1751-1800
|
| 990 |
|
|
|a BK
|
| 993 |
|
|
|a Y
|
| 991 |
|
|
|k mzk
|
| 996 |
6 |
|
|b 2619278788
|c ST2-0009.949,2,A
|l stud. ST
|r Sklad / do násl. otevíracího dne
|n 1
|w 001027322
|u 000010
|a 1
|e BOA001
|s P
|